00311 a2200097 4500001001000000005001700010008004100027245004900068100002600117773007000143ART_2817520260410161604.0260409a 10aEl proceso de globalización y contabilidad1 aLang, Víctor Manuel0 tProfesional & Empresariag- Año XVI, Nº 186 (mar. 2015)wREV70